000 00426nam a2200157Ia 4500
003 OSt
005 20230531104002.0
008 211028s2007 xx 000 0 und d
040 _cAIMIT LIBRARY
041 _aeng
100 _aBhandari, Vinayak N; Varkey, P Shine.
_g50971422
_98970
110 _aShine P Varkey
_98971
245 _aHomology modeling and sequence analysis.
260 _aMangalore
_c2007
942 _2ddc
_cPRO
999 _c220148
_d220148